000
00271nam a22001217a 4500
008
230501b |||||||| |||| 00| 0 eng d
100
_a
M.P. Tandon
245
_a
Comparative Law
260
_a
Haryana
_b
ALA
_c
2005
300
_a
103
546
_a
English
942
_2
ddc
_c
BK
999
_c
19944
_d
19944